Bohemian Rhapsody Muppets Quiz Stats

 Plays Quiz Updated Jul 19, 2017

Challenge
Share
Tweet
Score 0/40 Timer 10:00
0 Plays Today
Muppet % Correct
Kermit the Frog
90.3%
Miss Piggy
88%
Gonzo
85.2%
Animal
85.1%
Chickens
77%
Beaker
69.2%
Fozzie Bear
62.1%
Penguins
56.3%
The Swedish Chef
53.6%
Scooter
49.5%
Rats
43%
Bananas
41.6%
Sam the Eagle
40.7%
Rizzo the Rat
40.1%
Rowlf the Dog
39.8%
Dr. Bunsen Honeydew
38%
Statler and Waldorf
36.5%
Angel Marie, Old Tom, and two Frackles
35.3%
Cactus Quartet
35.2%
Dr. Teeth
34.7%
Muppet % Correct
Bunny
30.5%
Janice
28.9%
Monkeys
25.4%
Pepe the King Prawn
22.9%
Flowers
22.3%
Floyd Pepper
19.3%
Zoot
19.1%
Beauregard
17.1%
Turkey
14%
Lew Zealand
12.1%
Crazy Harry
11.5%
Mahna Mahna
9.9%
Bobo the Bear
8.3%
The Newsman
7%
Dr. Julius Strangepork
6.7%
Sal Minella
6.1%
Johnny Fiama
5.7%
The Snowths
5.1%
Prairie Dogs
4.6%
Big Mean Carl
4.5%

You're not logged in!

Compare scores with friends on all Sporcle quizzes.
OR
Log In

You Might Also Like...

Show Comments

Extras

Top Quizzes Today


Score Distribution

Your Account Isn't Verified!

In order to create a playlist on Sporcle, you need to verify the email address you used during registration. Go to your Sporcle Settings to finish the process.

Report this User

Report this user for behavior that violates our Community Guidelines.

Details: